| 000 | 00541cam a22001577a 4500 | ||
|---|---|---|---|
| 008 | 180718b1990 xxu||||| |||| 00| 0 eng d | ||
| 100 | _aVodopivec, Milan | ||
| 245 |
_aHow Redistribution Hurts Productivity in a Socialist Economy (Yugoslavia) _cby Milan Vodopivec |
||
| 260 |
_aWashington, D.C. _bIBRD _c1990 |
||
| 300 | _a39p. | ||
| 440 | _aWorking Papers WPS 438 | ||
| 650 | _aTax incidence --Yugoslavia | ||
| 650 | _aIncome distribution --Yugoslavia | ||
| 650 | _aSubsidies --Yugoslavia | ||
| 650 | _aIndustrial productivity --Yugoslavia | ||
| 999 |
_c226364 _d226364 |
||